000 00501 a2200169 4500
005 20260309124739.0
008 260309b |||||||| |||| 00| 0 eng d
020 _a9783031531415
040 _cSDCL
041 _2eng
_aeng
084 _aX:(B) R4
100 _aKivedal, Bjørnar Karlsen
_91131350
245 _aApplied Statistics and Econometrics :
_b Basic Topics and Tools with Gretl and R
260 _aSwitzerland :
_bPalgrave Macmillan,
_c2024.
300 _axviii, 246p.
942 _cTEXL
_2CC
999 _c1670788
_d1670788